[Event "GER-ch U18"]
[Site "Willingen"]
[Date "2023.06.03"]
[Round "9"]
[White "Evering, Soeren"]
[Black "May, Ben Iven"]
[Result "1/2-1/2"]
[WhiteElo "2063"]
[BlackElo "1940"]
[PlyCount "112"]
[EventDate "2023.05.28"]
[EventType "swiss"]
[EventRounds "9"]
[EventCountry "GER"]
[SourceTitle "CBM 214 Extra"]
[Source "ChessBase"]
[SourceDate "2023.07.31"]
[SourceVersion "1"]
[SourceVersionDate "2023.07.31"]
[SourceQuality "1"]

1. e4 e5 2. Nf3 Nc6 3. Bb5 a6 4. Ba4 Be7 5. 0-0 Nf6 6. Re1 b5 7. Bb3 0-0 8. c3 Na5 9. Nxe5 Nxb3 10. Qxb3 Bb7 11. d3 d5 12. exd5 Qxd5 13. Qxd5 Nxd5 14. Nd2 Rfe8 15. Nb3 Bd6 16. Nf3 Rxe1+ 17. Nxe1 Re8 18. Bd2 Nb6 19. Be3 Na4 20. Rb1 Bd5 21. Nf3 f5 22. Nc1 c5 23. Bd2 c4 24. b3 Nc5 25. bxc4 bxc4 26. dxc4 Bxc4 27. Nb3 Ne4 28. Nfd4 Rb8 29. Rd1 g6 30. f3 Nc5 31. Nxc5 Bxc5 32. a4 Rb2 33. Be3 Bf8 34. Rd2 Rb1+ 35. Kf2 Bd6 36. Ne2 Be5 37. f4 Bf6 38. Bd4 Be7 39. Be5 Ra1 40. Rb2 Rxa4 41. Ke3 Ra2 42. Rxa2 Bxa2 43. Bc7 Bd5 44. g3 Kf7 45. Bb6 Ke6 46. Kd4 Bf3 47. Nc1 Bf6+ 48. Kc4 Kd6 49. Kb4 Kc6 50. Ba5 Be7+ 51. Kc4 Bc5 52. Bb4 Bd5+ 53. Kd3 Be4+ 54. Kc4 Bd5+ 55. Kd3 Be4+ 56. Kc4 Bd5+ 1/2-1/2

[Event "GER-ch U14"]
[Site "Willingen"]
[Date "2019.06.09"]
[Round "1"]
[White "May, Ben Iven"]
[Black "Eilenberg, Jonas"]
[Result "1/2-1/2"]
[WhiteElo "1692"]
[BlackElo "1934"]
[PlyCount "70"]
[EventDate "2019.06.08"]
[EventType "swiss"]
[EventRounds "9"]
[EventCountry "GER"]
[SourceTitle "CBM 191 Extra"]
[Source "ChessBase"]
[SourceDate "2019.09.30"]
[SourceVersion "1"]
[SourceVersionDate "2019.09.30"]
[SourceQuality "1"]

1. e4 c5 2. Nf3 Nc6 3. Bb5 g6 4. Bxc6 dxc6 5. 0-0 Bg7 6. d3 Nf6 7. Bd2 Nd7 8. Bc3 e5 9. Nbd2 0-0 10. Re1 Re8 11. a4 Nf8 12. Nc4 Qc7 13. a5 f6 14. b4 cxb4 15. Bxb4 Ne6 16. Bd6 Qd7 17. d4 exd4 18. Nxd4 Nxd4 19. Qxd4 Qe6 20. Rad1 Bd7 21. Rb1 c5 22. Bxc5 Bc6 23. Rbd1 Bxe4 24. Nd6 f5 25. Qb4 b6 26. Nxe8 Rxe8 27. axb6 axb6 28. Qxb6 Qxb6 29. Bxb6 Rb8 30. Rxe4 fxe4 31. Rd8+ Rxd8 32. Bxd8 Kf7 33. c4 Bd4 34. Kf1 Ke6 35. Ke2 Kd6 1/2-1/2

[Event "GER-ch U10"]
[Site "Willingen"]
[Date "2016.05.21"]
[Round "11.11"]
[White "Farokhi, Keyvan"]
[Black "May, Ben Iven"]
[Result "1-0"]
[WhiteElo "1474"]
[BlackElo "1330"]
[PlyCount "57"]
[EventDate "2016.05.15"]
[EventType "swiss"]
[EventRounds "11"]
[EventCountry "GER"]
[SourceTitle "CBM 172 Extra"]
[Source "ChessBase"]
[SourceDate "2016.06.21"]
[SourceVersion "1"]
[SourceVersionDate "2016.06.21"]
[SourceQuality "1"]

1. e4 c6 2. Nf3 d5 3. Nc3 dxe4 4. Nxe4 Nf6 5. Nxf6+ exf6 6. d4 Bg4 7. c3 c5 8. Bb5+ Nd7 9. 0-0 a6 10. Be2 Be7 11. Bf4 0-0 12. d5 Bxf3 13. Bxf3 Ne5 14. Be2 Bd6 15. Qb3 b5 16. a4 c4 17. Qc2 Qc7 18. axb5 axb5 19. Kh1 Qc5 20. Be3 Qxd5 21. Rfd1 Rxa1 22. Rxa1 Ra8 23. Rd1 Qe6 24. Qe4 Re8 25. Qb7 Rb8 26. Qa6 Bc7 27. Qa7 Bd6 28. Qxb8+ Bxb8 29. Rd8+ 1-0

[Event "GER-ch U10"]
[Site "Willingen"]
[Date "2016.05.16"]
[Round "3.11"]
[White "Metzdorf, Matteo"]
[Black "May, Ben Iven"]
[Result "1-0"]
[WhiteElo "1516"]
[BlackElo "1330"]
[PlyCount "45"]
[EventDate "2016.05.15"]
[EventType "swiss"]
[EventRounds "11"]
[EventCountry "GER"]
[SourceTitle "CBM 172 Extra"]
[Source "ChessBase"]
[SourceDate "2016.06.21"]
[SourceVersion "1"]
[SourceVersionDate "2016.06.21"]
[SourceQuality "1"]

1. e4 c6 2. Nf3 d5 3. Nc3 dxe4 4. Nxe4 Bf5 5. Ng3 Bg6 6. h4 h6 7. Ne5 Bh7 8. Qh5 g6 9. Bc4 e6 10. Qe2 Qe7 11. d4 Nd7 12. Bf4 0-0-0 13. Nxd7 Qxd7 14. Be5 f6 15. Bxf6 Re8 16. Bxh8 Bd6 17. Be5 Bf8 18. 0-0-0 h5 19. Kb1 Bh6 20. Ne4 Kd8 21. Nf6 Nxf6 22. Bxf6+ Kc8 23. Rhe1 1-0